| 000 | 00575nam a2200217Ia 4500 | ||
|---|---|---|---|
| 003 | LK-CoDNM | ||
| 005 | 20240430102828.0 | ||
| 008 | 010623t1945 xxu||||| |||| 00| 1 Pali d | ||
| 040 |
_aLK-CoDNM _dLK-CoDNM _eLK-CoDNM |
||
| 041 |
_aPali _asin |
||
| 080 | _aට6 | ||
| 100 | _aSoratha,Veliwitiya | ||
| 245 | _aපූජාවලිය | ||
| 246 | _aPoojaawaliya | ||
| 260 |
_bP.A.Vithanarachchi _aColombo _c1945 |
||
| 300 | _bIII,180P.,18 cm | ||
| 650 | _aAbhineehaara Magul Poojaa Kathaa | ||
| 650 | _aPoojaasangraha Kathaa | ||
| 650 | _aPoojaawaliya | ||
| 942 | _cBK | ||
| 999 |
_c100597 _d100597 |
||